Biblioteca

I can multiply / Ilustrado por Simone Abel (Registro nro. 48551)

Detalles MARC
000 -LÍDER
Campo fijo de descripción fija 003130000a22001330004500
020 ## - NÚMERO INTERNACIONAL NORMALIZADO PARA LIBROS
Número Internacional Normalizado del libro 1-85348-557-7
082 04 - NÚMERO DE CLASIFICACIÓN DECIMAL DEWEY
Número de clasificación GI CE Ab34c
001 - NÚMERO DE CONTROL
Campo de control 1385
100 1# - ASIENTO PRINCIPAL--NOMBRE PERSONAL
Nombre personal Abel, Simone
245 10 - TÍTULO
Título del Material I can multiply / Ilustrado por Simone Abel
260 ## - PUBLICACIÓN, DISTRIBUCIÓN, ETC. (PIE DE IMPRENTA)
Lugar de publicación, distribución, etc. Great Britain : New Burlington Books
300 ## - DESCRIPCIÓN FÍSICA
Extensión 16 P.
942 ## - TIPO DE MATERIAL (KOHA)
Tipo de Item KOHA Z- Libro General BINCO
Existencias
Estado de Material Estado de Perdido Volumen-Parte/Tomo Estado de Dañado No para Préstamo Tomo Biblioteca de Origen Biblioteca Permanente Fecha de Adquisición Total de Préstamos Signatura Topográfica Código de Barras Última vez visto Ejemplar/Existencia Fecha de Remplazo Tipo de Material
            Biblioteca Infantil Comunitaria BINCO Biblioteca Infantil Comunitaria BINCO 01/08/2008   GI CE Ab34c B31785 24/11/2016 1 26/01/2016 Z- Libro General BINCO

Biblioteca FUSBC | Teléfono: (57+4) 349 88 10 Ext. 141| WhatsApp (+57) 3005338115 
E-mail: biblioteca@unisbc.edu.co | Calle 76 87-14 Robledo Palenque, Medellín, Colombia

Con tecnología Koha